| 000 | 01334nam a22003617a 4500 | ||
|---|---|---|---|
| 001 | 169 | ||
| 003 | FISKH | ||
| 005 | 20230301154533.0 | ||
| 008 | 230301b cb ||||| |||| 00| 0 eng d | ||
| 020 | _a9780439559843 | ||
| 040 |
_aDLC _cDLC _dDLC _dFISKH _beng |
||
| 050 | 0 | 0 |
_aPZ7.B6265 _bSu 2003 |
| 082 | 0 | 0 |
_a813.54 _222 |
| 100 | 1 | _aBlume, Judy. | |
| 245 | 1 | 0 |
_aSuperfudge / _cJudy Blume. |
| 260 |
_aNew York _bScholastic _c2003. |
||
| 300 |
_a178 p. _c20 cm. |
||
| 500 | _aSequel to: Tales of a fourth grade nothing. | ||
| 505 | _aH | ||
| 520 | _aFifth-grader Peter Hatcher's mother is pregnant, his four-year-old brother, Fudge, is a constant embarrassment to his family, and his parents want to move to New Jersey for a year, could life get any worse? | ||
| 521 | 8 |
_a560 _bLexile |
|
| 521 | 8 |
_aH _bRaz-Plus |
|
| 650 | 1 |
_aSiblings _vFiction. |
|
| 650 | 1 |
_aFamily life _zNew Jersey _vFiction. |
|
| 650 | 1 |
_aBehavior _vFiction. |
|
| 650 | 1 |
_aBabies _vFiction. |
|
| 650 | 1 | _aHumorous stories. | |
| 651 | 1 |
_aNew Jersey _vFiction. |
|
| 856 | 4 | 2 |
_3Publisher description _uhttp://www.loc.gov/catdir/enhancements/fy0716/2004270849-d.html |
| 856 | 4 | 2 |
_3Contributor biographical information _uhttp://www.loc.gov/catdir/enhancements/fy0716/2004270849-b.html |
| 906 |
_a7 _bcbc _corigcop _d3 _encip _f20 _gy-gencatlg |
||
| 942 |
_2ddc _cBK _n0 |
||
| 999 |
_c169 _d169 |
||